[Event "18sen.Bay.EM2006 Schney op"]
[Site "Schloss Schney (25.6.-3.7)"]
[Date "2006.06.30"]
[Round "6.13"]
[White "Petzold, Hans ProfDr(36)"]
[Black "Krafzik, Joachim"]
[Result "1-0"]
[WhiteElo "2023"]
[BlackElo "1841"]
[PlyCount "33"]
[EventDate "2006.07.??"]
[Source "Ganslmayer"]
[SourceDate "2012.12.20"]

1. e4 e6 2. d4 d5 3. Nc3 Nf6 4. e5 Nfd7 5. f4 c5 6. Nf3 Nc6 7. Be3 a6 8. Qd2 b5
9. dxc5 Bxc5 10. Bxc5 Nxc5 11. Qf2 Nd7 12. Bd3 O-O 13. Bxh7+ Kxh7 14. Ng5+ Kg6
15. Qg3 Kf5 16. Rf1 Nf6 17. Qd3+ 1-0

[Event "18sen.Bay.EM2006 Schney op"]
[Site "Schloss Schney (25.6.-3.7)"]
[Date "2006.06.30"]
[Round "6.14"]
[White "Theuermeister, Peter"]
[Black "Rost van Tonningen, Otto"]
[Result "0-1"]
[WhiteElo "1752"]
[BlackElo "1958"]
[PlyCount "146"]
[EventDate "2006.07.??"]
[Source "Ganslmayer"]
[SourceDate "2012.12.20"]

1. d4 d5 2. Nf3 Nf6 3. c4 c6 4. Nc3 dxc4 5. a4 a6 6. e3 Be6 7. Ng5 Bd5 8. e4 h6
9. exd5 hxg5 10. dxc6 Nxc6 11. Be3 Na5 12. d5 Qc7 13. Rb1 Qe5 14. Qd4 Qxd4 15.
Bxd4 Rc8 16. Bb6 Nb3 17. Rd1 g6 18. Be2 Bg7 19. O-O O-O 20. Rfe1 Rfe8 21. h3
Nd7 22. Be3 Bf6 23. Bg4 Rcd8 24. Be2 Rc8 25. g3 Kg7 26. Bf3 Ne5 27. Be2 Nd7 28.
Kg2 Ne5 29. Ne4 Nd7 30. Bg4 Rcd8 31. Bxd7 Rxd7 32. Nxf6 Kxf6 33. Bb6 Rc8 34.
Re3 Rd6 35. a5 Nc5 36. Rf3+ Kg7 37. Re1 e6 38. dxe6 Nxe6 39. Rc3 Rcc6 40. Rec1
Rd2 41. Rxc4 Rxc4 42. Rxc4 Rxb2 43. Rc8 Rb5 44. Rc4 Kf6 45. Kf3 Ke5 46. Ra4 Kd5
47. Kg4 Rb3 48. Be3 f5+ 49. Kf3 f4 50. gxf4 gxf4 51. Rxf4 Nxf4 52. Kxf4 Ra3 53.
Bb6 Rxh3 54. Kg5 Rb3 55. Kxg6 Ke6 56. Bc7 Rf3 57. Bb6 Rf5 58. Kg7 Kd6 59. Kg6
Rb5 60. f4 Ke6 61. Bc7 Rf5 62. Kg7 Kd5 63. Kg6 Ke4 64. Kg7 Rxf4 65. Bxf4 Kxf4
66. Kf6 Ke4 67. Ke6 Kd4 68. Kd6 Kc4 69. Kc7 Kb5 70. Kxb7 Kxa5 71. Kc6 Kb4 72.
Kd5 a5 73. Kd4 Kb3 0-1

[Event "18sen.Bay.EM2006 Schney op"]
[Site "Schloss Schney (25.6.-3.7)"]
[Date "2006.06.30"]
[Round "6.15"]
[White "Reer, Erdmann"]
[Black "Dohmel, Wolfgang(39)++"]
[Result "1/2-1/2"]
[WhiteElo "1884"]
[BlackElo "1770"]
[PlyCount "77"]
[EventDate "2006.07.??"]
[Source "Ganslmayer"]
[SourceDate "2012.12.20"]

1. e4 c6 2. d4 d5 3. exd5 cxd5 4. c4 Nf6 5. Nf3 Nc6 6. Nc3 e6 7. a3 Be7 8. Bd3
a6 9. c5 O-O 10. O-O Re8 11. h3 b5 12. b4 Kh8 13. Be3 g6 14. Qb3 Bb7 15. Rfd1
Qc7 16. a4 bxa4 17. Rxa4 Nd7 18. b5 axb5 19. Nxb5 Qc8 20. Rda1 Rxa4 21. Rxa4
Ndb8 22. Na7 Qc7 23. g3 e5 24. Rb4 Ba8 25. Nb5 Qc8 26. Nxe5 Nxe5 27. dxe5 Bxc5
28. Nd6 Bxd6 29. exd6 f6 30. Bb5 Nd7 31. Qb2 Kg7 32. Rf4 Re6 33. Bxd7 Qxd7 34.
Qb8 Bc6 35. Bd2 Qxd6 36. Qa7+ Qe7 37. Qd4 Re4 38. Rxe4 dxe4 39. Bb4 1/2-1/2

[Event "18sen.Bay.EM2006 Schney op"]
[Site "Schloss Schney (25.6.-3.7)"]
[Date "2006.06.30"]
[Round "6.16"]
[White "Wolf, Reinhard(37)"]
[Black "Schmidt, Walter(43)"]
[Result "0-1"]
[WhiteElo "1698"]
[BlackElo "1881"]
[PlyCount "108"]
[EventDate "2006.07.??"]
[Source "Ganslmayer"]
[SourceDate "2012.12.20"]

1. d4 d5 2. c4 e6 3. Nc3 Nf6 4. Bg5 Nbd7 5. e3 c6 6. Nf3 Qa5 7. Bxf6 Nxf6 8.
Nd2 Bd7 9. Bd3 dxc4 10. Nxc4 Qg5 11. O-O Be7 12. Ne5 Rd8 13. f4 Qh6 14. Rf3 g6
15. Rh3 Qg7 16. g4 Nd5 17. Kh1 f6 18. Nxd7 Rxd7 19. f5 exf5 20. gxf5 g5 21.
Nxd5 Rxd5 22. Qh5+ Kd8 23. Be4 Rd7 24. Rg3 Bd6 25. Rg2 Qe7 26. Qf3 h5 27. Bxc6
bxc6 28. Qxc6 Rc7 29. Qd5 Re8 30. e4 Qd7 31. e5 Bxe5 32. Qxd7+ Rxd7 33. dxe5
Rxe5 34. Rf1 Rdd5 35. Rgf2 Ke7 36. Kg2 Kf7 37. Kg3 Kg7 38. h3 Rd3+ 39. Rf3 Ree3
40. Rxe3 Rxe3+ 41. Rf3 Rxf3+ 42. Kxf3 Kf7 43. b4 Ke7 44. Ke4 Kd6 45. a4 Kc6 46.
h4 g4 47. Kd4 g3 48. Ke3 Kd5 49. a5 Kc4 50. a6 Kxb4 51. Kf3 Kb5 52. Kxg3 Kxa6
53. Kf3 Kb5 54. Ke4 Kc4 0-1

[Event "18sen.Bay.EM2006 Schney op"]
[Site "Schloss Schney (25.6.-3.7)"]
[Date "2006.06.30"]
[Round "6.18"]
[White "Leuschner, Guenter"]
[Black "Kude, Klaus-Peter"]
[Result "0-1"]
[WhiteElo "1830"]
[BlackElo "1757"]
[PlyCount "110"]
[EventDate "2006.07.??"]
[Source "Ganslmayer"]
[SourceDate "2012.12.20"]

1. d4 d5 2. c4 dxc4 3. Qa4+ c6 4. Qxc4 Nf6 5. Nf3 Bf5 6. Nc3 e6 7. Qb3 Qb6 8.
Qd1 Be7 9. e3 h6 10. Be2 Nbd7 11. O-O O-O 12. b3 Rac8 13. Bd3 Bxd3 14. Qxd3 Nd5
15. Na4 Qd8 16. e4 N5b6 17. Nc3 Nf6 18. Rd1 Qc7 19. Bb2 Qf4 20. h3 Qb8 21. Bc1
c5 22. e5 Nfd5 23. Ne4 c4 24. bxc4 Rxc4 25. Nfd2 Nb4 26. Qg3 Rxd4 27. Bb2 Rd3
28. Nf3 Rfd8 29. Nd6 Rxd1+ 30. Rxd1 N4d5 31. Qg4 Qc7 32. Nd4 Qd7 33. Rd3 Bxd6
34. exd6 e5 35. Nf5 f6 36. Rg3 Kh8 37. Qxg7+ Qxg7 38. Rxg7 Rd7 39. Rg6 Nc4 40.
Bc1 Nxd6 41. Rxh6+ Kg8 42. Rg6+ Kh7 43. Rh6+ Kg8 44. Ne3 Ne8 45. g3 Nc3 46. Bb2
Nxa2 47. Rh4 b5 48. g4 Rd2 49. Bxe5 fxe5 50. Rh5 b4 51. Rxe5 Nd6 52. Ra5 b3 53.
Rxa7 b2 54. Ra8+ Kf7 55. Ra3 b1=Q+ 0-1

[Event "18sen.Bay.EM2006 Schney op"]
[Site "Schloss Schney (25.6.-3.7)"]
[Date "2006.06.30"]
[Round "6.19"]
[White "Kunert, Helmut"]
[Black "Neumeister, Herbert Dr"]
[Result "1/2-1/2"]
[WhiteElo "1480"]
[BlackElo "1753"]
[PlyCount "51"]
[EventDate "2006.07.??"]
[Source "Ganslmayer"]
[SourceDate "2012.12.20"]

1. e4 c5 2. Nf3 Nc6 3. c3 e6 4. d4 d5 5. exd5 Qxd5 6. Be3 cxd4 7. Bxd4 Nxd4 8.
Qxd4 Qxd4 9. Nxd4 a6 10. Be2 Nf6 11. Nd2 Bd6 12. Nc4 Be7 13. a4 O-O 14. O-O Bd7
15. Bf3 Rab8 16. Rfe1 Rfd8 17. a5 Nd5 18. Ne5 Bc8 19. Nc4 b5 20. axb6 Nxb6 21.
Na5 Re8 22. Nac6 Ra8 23. Nb4 Rb8 24. Nbc6 Ra8 25. Nb4 Rb8 26. Nbc6 1/2-1/2

[Event "18sen.Bay.EM2006 Schney op"]
[Site "Schloss Schney (25.6.-3.7)"]
[Date "2006.06.30"]
[Round "6.20"]
[White "Hamm, Georg Dr"]
[Black "Winkler, Karl-Heinz(32)"]
[Result "0-1"]
[WhiteElo "1950"]
[BlackElo "1702"]
[PlyCount "76"]
[EventDate "2006.07.??"]
[Source "Ganslmayer"]
[SourceDate "2012.12.20"]

1. Nf3 Nc6 2. g3 e5 3. d3 d5 4. Nbd2 Be6 5. Bg2 Bd6 6. b3 h6 7. Bb2 Nge7 8. c4
d4 9. a3 O-O 10. b4 Ng6 11. h4 h5 12. Ne4 Be7 13. Nfg5 Bf5 14. Bf3 f6 15. Nh3
Bg4 16. Bg2 Qc8 17. Bc1 Nh8 18. f3 Bd7 19. Nhf2 Nf7 20. Bd2 Ncd8 21. Bh3 Bxh3
22. Rxh3 f5 23. Ng5 g6 24. Qc1 c5 25. Rb1 b6 26. Rh1 Ne6 27. Nfh3 Qd7 28. b5
Nd6 29. Kd1 a6 30. Qb2 a5 31. Kc2 Rae8 32. Rbf1 Ng7 33. Qc1 Bf6 34. Qd1 e4 35.
fxe4 fxe4 36. Nxe4 Nxe4 37. dxe4 Qe6 38. Kb3 a4+ 0-1

[Event "18sen.Bay.EM2006 Schney op"]
[Site "Schloss Schney (25.6.-3.7)"]
[Date "2006.06.30"]
[Round "6.22"]
[White "Reichwald, Klaus"]
[Black "Porkristl, Werner"]
[Result "1-0"]
[WhiteElo "1749"]
[BlackElo "1635"]
[PlyCount "61"]
[EventDate "2006.07.??"]
[Source "Ganslmayer"]
[SourceDate "2012.12.20"]

1. e4 Nc6 2. d4 e6 3. Nf3 Nce7 4. c4 Ng6 5. Nc3 Bb4 6. Be2 c6 7. O-O N8e7 8.
Bd3 O-O 9. Ne2 f5 10. e5 d5 11. c5 Ba5 12. h4 Qe8 13. g3 b5 14. Kg2 Bd7 15. h5
Nh8 16. Nf4 h6 17. Nh4 Bd8 18. Rh1 Nc8 19. Nhg6 Rf7 20. g4 Bg5 21. Nxh8 Kxh8
22. Ng6+ Kg8 23. Bxg5 hxg5 24. Qd2 f4 25. h6 gxh6 26. Rxh6 Rh7 27. Rxh7 Kxh7
28. Nxf4+ Kg7 29. Nh5+ Kh6 30. Rh1 Qd8 31. Nf6+ 1-0

[Event "18sen.Bay.EM2006 Schney op"]
[Site "Schloss Schney (25.6.-3.7)"]
[Date "2006.06.30"]
[Round "6.23"]
[White "Kurz, Leonhard"]
[Black "Fels, Karl-Heinz"]
[Result "0-1"]
[WhiteElo "1634"]
[BlackElo "1766"]
[PlyCount "96"]
[EventDate "2006.07.??"]
[Source "Ganslmayer"]
[SourceDate "2012.12.20"]

1. e4 e5 2. Nc3 Nf6 3. f4 d5 4. fxe5 Nxe4 5. Nf3 Be7 6. Qe2 f5 7. exf6 Nxf6 8.
d4 O-O 9. Bd2 Bf5 10. O-O-O Nc6 11. Qf2 Nb4 12. Be3 Nxc2 13. h3 Nxe3 14. Qxe3
Bd6 15. Bd3 Bxd3 16. Qxd3 c6 17. g4 Bf4+ 18. Kb1 Qd6 19. Nh4 g6 20. Nf3 Rae8
21. Rde1 b5 22. Rxe8 Rxe8 23. Re1 Re6 24. a3 a5 25. Rxe6 Qxe6 26. g5 Ne4 27. h4
b4 28. axb4 axb4 29. Ne2 Bd6 30. Qa6 Qe8 31. Kc2 Nf2 32. Ne5 Bxe5 33. dxe5 Ng4
34. e6 Qxe6 35. Qa8+ Kf7 36. Qa7+ Qe7 37. Qa6 Qe4+ 38. Kb3 Qe7 39. Ka4 c5 40.
Nf4 Qd7+ 41. Ka5 Qc7+ 42. Kb5 Qxf4 43. Qb7+ Ke6 44. Qxh7 Qc4+ 45. Kb6 Ne5 46.
h5 Nd7+ 47. Ka5 gxh5 48. g6 b3 0-1

[Event "18sen.Bay.EM2006 Schney op"]
[Site "Schloss Schney (25.6.-3.7)"]
[Date "2006.06.30"]
[Round "6.24"]
[White "Banfelder, Herbert"]
[Black "Claus, Joachim"]
[Result "0-1"]
[WhiteElo "1607"]
[BlackElo "1765"]
[PlyCount "62"]
[EventDate "2006.07.??"]
[Source "Ganslmayer"]
[SourceDate "2012.12.20"]

1. Nf3 Nf6 2. c4 g6 3. g3 Bg7 4. Bg2 c6 5. Nc3 d5 6. cxd5 cxd5 7. O-O Nc6 8. d4
O-O 9. e3 a6 10. a3 b5 11. Bd2 h6 12. Rc1 Bb7 13. b4 e6 14. Qc2 Rc8 15. Qd3 Nb8
16. Ne5 Nbd7 17. Nxg6 fxg6 18. Qxg6 Qe8 19. Qd3 Nb6 20. e4 dxe4 21. Nxe4 Nxe4
22. Bxe4 Bxe4 23. Rxc8 Bxd3 24. Rxe8 Rxe8 25. Re1 Nc4 26. Kg2 Bc2 27. Kf3 Bxd4
28. Bxh6 Nxa3 29. Bd2 Nc4 30. Bc1 Bc3 31. Re2 Bd1 0-1

[Event "18sen.Bay.EM2006 Schney op"]
[Site "Schloss Schney (25.6.-3.7)"]
[Date "2006.06.30"]
[Round "6.25"]
[White "Schmidt, Wolfgang(38)"]
[Black "Weczerek, Franz"]
[Result "0-1"]
[WhiteElo "1627"]
[BlackElo "1706"]
[PlyCount "80"]
[EventDate "2006.07.??"]
[Source "Ganslmayer"]
[SourceDate "2012.12.20"]

1. e4 c5 2. d4 cxd4 3. Nf3 Nc6 4. c3 dxc3 5. Nxc3 g6 6. a3 Bg7 7. Qc2 e6 8. Be3
Nf6 9. Rd1 O-O 10. Be2 b6 11. O-O Bb7 12. h3 Rc8 13. Qd2 Ne7 14. Bd3 d5 15.
exd5 Nfxd5 16. Nxd5 Bxd5 17. Qe2 Qc7 18. Ba6 Rcd8 19. Rc1 Qd6 20. Rc2 Nf5 21.
Bd2 Bxf3 22. gxf3 Nd4 23. Bb4 Nxe2+ 24. Rxe2 Qf4 25. Bxf8 Bxf8 26. Bb7 Bc5 27.
Be4 Qg3+ 28. Kh1 Qxh3+ 29. Kg1 Qg3+ 30. Kh1 Qf4 31. Rg1 Rd2 32. Rg4 Rd1+ 33.
Kg2 Qc1 34. f4 Rg1+ 35. Kf3 Rxg4 36. Kxg4 f5+ 37. Kg5 fxe4 38. Rxe4 Kf7 39. b4
Qg1+ 40. Kh4 Be7+ 0-1

[Event "18sen.Bay.EM2006 Schney op"]
[Site "Schloss Schney (25.6.-3.7)"]
[Date "2006.06.30"]
[Round "6.26"]
[White "Grueneschild, Hildegard"]
[Black "Schnurr, Anton"]
[Result "1-0"]
[WhiteElo "1440"]
[BlackElo "1697"]
[PlyCount "95"]
[EventDate "2006.07.??"]
[Source "Ganslmayer"]
[SourceDate "2012.12.20"]

1. c4 Nf6 2. Nc3 e6 3. g3 d5 4. Bg2 c6 5. cxd5 cxd5 6. d3 Nc6 7. e3 Bb4 8. Bd2
a6 9. a3 Bd6 10. Nge2 Ne5 11. Qc2 Bd7 12. Nd4 Rc8 13. O-O Bc5 14. Rfd1 Ba7 15.
a4 h5 16. Nf3 Nxf3+ 17. Bxf3 h4 18. Qb3 Bc6 19. d4 Bb8 20. Be1 Nh7 21. Ne2 g5
22. gxh4 g4 23. Bxg4 Qxh4 24. h3 Ng5 25. Nf4 Nxh3+ 26. Bxh3 Bxf4 27. exf4 Kd7
28. Rd3 Rcg8+ 29. Kf1 Rg7 30. f5 Qe4 31. fxe6+ fxe6 32. f3 Qg6 33. Bg4 Rf7 34.
Ke2 Rf4 35. Bf2 Rxg4 36. fxg4 Qxg4+ 37. Rf3 e5 38. dxe5 d4 39. Qf7+ Kd8 40.
Qf6+ Kd7 41. e6+ Qxe6+ 42. Qxe6+ Kxe6 43. Rd3 b5 44. Rxd4 bxa4 45. Kd2 Rh2 46.
Re1+ Kf7 47. Rf4+ Kg8 48. Rg1+ 1-0

[Event "18sen.Bay.EM2006 Schney op"]
[Site "Schloss Schney (25.6.-3.7)"]
[Date "2006.06.30"]
[Round "6.27"]
[White "Gerdes, Hans"]
[Black "Karner, Irmgard"]
[Result "1-0"]
[WhiteElo "1692"]
[BlackElo "1575"]
[PlyCount "101"]
[EventDate "2006.07.??"]
[Source "Ganslmayer"]
[SourceDate "2012.12.20"]

1. e4 d6 2. d4 Nf6 3. Nc3 c6 4. f4 g6 5. Nf3 Bg7 6. Be2 Bg4 7. h3 Bxf3 8. Bxf3
O-O 9. O-O e6 10. Be3 Nbd7 11. Qd2 Nb6 12. b3 Nfd7 13. Rad1 f5 14. e5 d5 15.
Qf2 Rc8 16. Ne2 Qe7 17. a4 Na8 18. g4 Nc7 19. gxf5 exf5 20. Qg2 Ne6 21. Bf2 Rf7
22. h4 Bh6 23. Bg3 Rg7 24. Qf2 a5 25. Kg2 Kh8 26. Rh1 Rf8 27. Qe3 Rc8 28. Qd2
Ra8 29. Kf2 Nb6 30. Qc3 Qa3 31. Qd3 Qf8 32. Rdg1 Qe7 33. h5 g5 34. Qxf5 Rf8 35.
Qd3 gxf4 36. Bh4 Bg5 37. Rg4 Bxh4+ 38. Rhxh4 Rxg4 39. Rxg4 Qf7 40. Qd2 Qf5 41.
Qxa5 Nd7 42. Qd2 Rf7 43. Qd1 Rg7 44. Rxg7 Nxg7 45. h6 Ne6 46. Qh1 Ndf8 47. Qh4
Ng6 48. Qg4 Qxg4 49. Bxg4 Nd8 50. Kf3 Kg8 51. Nxf4 1-0

[Event "18sen.Bay.EM2006 Schney op"]
[Site "Schloss Schney (25.6.-3.7)"]
[Date "2006.06.30"]
[Round "6.28"]
[White "Mahrla, Hans Dr"]
[Black "Muenzenberg, Dietrich"]
[Result "1-0"]
[WhiteElo "1678"]
[BlackElo "1697"]
[PlyCount "56"]
[EventDate "2006.07.??"]
[Source "Ganslmayer"]
[SourceDate "2012.12.20"]

1. e4 c5 2. Nf3 d6 3. d4 cxd4 4. Nxd4 a6 5. Nc3 Nf6 6. Be3 e5 7. Nb3 b5 8. Nd5
Nfd7 9. Qd2 Bb7 10. Na5 Qc8 11. Nxb7 Qxb7 12. Be2 Nc6 13. O-O Nc5 14. f3 Ne6
15. c3 Rd8 16. a4 Ne7 17. Nxe7 Bxe7 18. axb5 axb5 19. Ra7 Qb8 20. Rfa1 Nc7 21.
c4 b4 22. R1a4 b3 23. Rb4 Qc8 24. Rbb7 Rd7 25. Qb4 Na6 26. Qb5 Nc5 27. Rb8 Qxb8
28. Qxb8+ Rd8 1-0

[Event "18sen.Bay.EM2006 Schney op"]
[Site "Schloss Schney (25.6.-3.7)"]
[Date "2006.06.30"]
[Round "6.29"]
[White "Baessler, Arwed"]
[Black "Wanner, Georges"]
[Result "1-0"]
[WhiteElo "1751"]
[BlackElo "1593"]
[PlyCount "47"]
[EventDate "2006.07.??"]
[Source "Ganslmayer"]
[SourceDate "2012.12.20"]

1. d4 Nf6 2. c3 g6 3. e3 Bg7 4. Bd3 O-O 5. f4 d6 6. Nf3 Nbd7 7. O-O c5 8. e4
Nb6 9. Qe2 Bg4 10. h3 Bd7 11. Be3 Qc7 12. Nbd2 Nh5 13. Kh2 e6 14. Rg1 Rae8 15.
Qf2 c4 16. Bc2 e5 17. g3 Qc8 18. fxe5 dxe5 19. g4 Nf4 20. Nxe5 Bxe5 21. dxe5
Nd3 22. Bxd3 cxd3 23. Bh6 Rxe5 24. Qf6 1-0

[Event "18sen.Bay.EM2006 Schney op"]
[Site "Schloss Schney (25.6.-3.7)"]
[Date "2006.06.30"]
[Round "6.30"]
[White "Van Bellen, Henk Dr"]
[Black "Fritsch, Wolfgang(36)"]
[Result "0-1"]
[WhiteElo "1731"]
[BlackElo "1729"]
[PlyCount "42"]
[EventDate "2006.07.??"]
[Source "Ganslmayer"]
[SourceDate "2012.12.20"]

1. Nc3 d5 2. e4 d4 3. Nce2 e5 4. Ng3 Be6 5. Nf3 f6 6. b3 Nc6 7. Bb5 Nge7 8. Qe2
a6 9. Bxc6+ Nxc6 10. O-O Bg4 11. a3 Qd7 12. d3 O-O-O 13. h3 Be6 14. Nd2 g5 15.
Nh5 Be7 16. g4 Rdg8 17. Qf3 Rg6 18. b4 Bd8 19. Bb2 Rh6 20. Kh2 Rg8 21. Ng3 Bxg4
0-1

[Event "18sen.Bay.EM2006 Schney op"]
[Site "Schloss Schney (25.6.-3.7)"]
[Date "2006.06.30"]
[Round "6.31"]
[White "Geisensetter, Kurt"]
[Black "Philipp, Gerhard"]
[Result "1/2-1/2"]
[WhiteElo "1644"]
[BlackElo "1593"]
[PlyCount "44"]
[EventDate "2006.07.??"]
[Source "Ganslmayer"]
[SourceDate "2012.12.20"]

1. Nf3 Nf6 2. c4 g6 3. Nc3 Bg7 4. d4 d5 5. e3 O-O 6. Be2 c5 7. O-O cxd4 8. exd4
Nc6 9. h3 Be6 10. c5 b6 11. cxb6 Qxb6 12. Na4 Qc7 13. Be3 Bc8 14. Rc1 Nd7 15.
Bb5 Bb7 16. Qd2 Qd6 17. Nc5 Bc8 18. Bxc6 Qxc6 19. Nxd7 Qxd7 20. Rc5 Bb7 21.
Rfc1 Rfc8 22. b4 f6 1/2-1/2

[Event "18sen.Bay.EM2006 Schney op"]
[Site "Schloss Schney (25.6.-3.7)"]
[Date "2006.06.30"]
[Round "6.32"]
[White "Wilfert, Eva-Maria"]
[Black "Baumann, Walter(27)"]
[Result "0-1"]
[WhiteElo "1543"]
[BlackElo "1701"]
[PlyCount "80"]
[EventDate "2006.07.??"]
[Source "Ganslmayer"]
[SourceDate "2012.12.20"]

1. e4 e5 2. Nf3 Nc6 3. d4 exd4 4. Nxd4 Nf6 5. Nxc6 bxc6 6. Bd3 d6 7. O-O Be7 8.
Nc3 O-O 9. b3 Bg4 10. f3 Bh5 11. Bb2 Nd7 12. Qe1 Bf6 13. Kh1 Bd4 14. Rb1 Re8
15. Ne2 Bxb2 16. Rxb2 d5 17. Nf4 Qf6 18. Nxh5 Qxb2 19. Qg3 Qe5 20. Qg4 g6 21.
f4 Qxh5 22. Qxd7 dxe4 23. Bc4 Qf5 24. Qxc6 e3 25. Be2 Rad8 26. Bd3 Qd7 27. Qf3
Qd5 28. Qe2 Qd4 29. h3 Rd6 30. Kh2 Rf6 31. g3 Qc3 32. Rd1 Rd6 33. h4 Qa5 34. a4
c5 35. g4 Qb4 36. Kg3 Re7 37. Kf3 Rd4 38. Qe1 Rxf4+ 39. Kg3 Rxg4+ 40. Kf3 Qf4+
0-1

[Event "18sen.Bay.EM2006 Schney op"]
[Site "Schloss Schney (25.6.-3.7)"]
[Date "2006.06.30"]
[Round "6.33"]
[White "Harke, Horst"]
[Black "Narr, Irmgard"]
[Result "1-0"]
[WhiteElo "1666"]
[BlackElo "1513"]
[PlyCount "137"]
[EventDate "2006.07.??"]
[Source "Ganslmayer"]
[SourceDate "2012.12.20"]

1. d4 Nf6 2. c4 e6 3. Nc3 b6 4. e4 d6 5. Be3 Bb7 6. f3 Nbd7 7. Bd3 Be7 8. Nge2
O-O 9. O-O c5 10. d5 exd5 11. cxd5 Ne5 12. Bc2 a6 13. Bf4 b5 14. Qe1 Nh5 15.
Bxe5 dxe5 16. Nd1 Bh4 17. g3 Be7 18. Nf2 Bc8 19. Rd1 Qb6 20. Kg2 Rd8 21. Nd3
Bd6 22. g4 Nf6 23. Qf2 Qc7 24. Ng3 g6 25. Rc1 c4 26. Bb1 Qe7 27. Ne1 Kg7 28.
Qd2 h6 29. a3 Rh8 30. h4 Bc5 31. Nc2 Bd7 32. Ne3 Bxe3 33. Qxe3 Ng8 34. Rh1 Rd8
35. Rcd1 Bc8 36. Rd2 Nf6 37. b4 Ne8 38. Qc3 f6 39. h5 g5 40. Qe3 Nd6 41. Rhd1
Rhf8 42. Ra2 Rf7 43. a4 Rd7 44. axb5 axb5 45. Bc2 Rc7 46. Qb6 Rb7 47. Qf2 Qc7
48. Qc5 Qd7 49. Ra8 Rc7 50. Qf2 Qe7 51. Rb1 Qd7 52. Rba1 Qe7 53. Rb8 Qd7 54.
Raa8 Rb7 55. Nf5+ Nxf5 56. Rxc8 Ne7 57. Rd8 Qc7 58. d6 Qb6 59. Qxb6 Rxb6 60.
dxe7 Rxe7 61. Rd5 Rbb7 62. Ra5 Red7 63. Kf2 Rxd5 64. exd5 Kf7 65. Be4 Rb6 66.
Ra7+ Kf8 67. Ke3 Rb8 68. Rh7 c3 69. Rh8+ 1-0

[Event "18sen.Bay.EM2006 Schney op"]
[Site "Schloss Schney (25.6.-3.7)"]
[Date "2006.06.30"]
[Round "6.34"]
[White "Brockhaus, Werner"]
[Black "Klinger, Rudolf++"]
[Result "0-1"]
[WhiteElo "1510"]
[BlackElo "2114"]
[PlyCount "104"]
[EventDate "2006.07.??"]
[Source "Ganslmayer"]
[SourceDate "2012.12.20"]

1. d4 Nf6 2. e3 g6 3. Nf3 Bg7 4. Bd3 c5 5. c3 b6 6. O-O Bb7 7. Qe2 Nc6 8. b3
O-O 9. Bb2 d6 10. Nbd2 e5 11. dxc5 dxc5 12. e4 Qe7 13. Ba6 Rad8 14. Bxb7 Qxb7
15. Rad1 Nh5 16. g3 Rd7 17. Nb1 Rfd8 18. Rxd7 Qxd7 19. Kg2 Qg4 20. Kh1 Rd6 21.
Ng1 Qd7 22. Kg2 Nd8 23. Bc1 Ne6 24. Nf3 f6 25. h3 b5 26. Be3 a5 27. a3 Rd3 28.
Kh2 Bf8 29. Ne1 Rd1 30. Nf3 Rd6 31. Qc2 Nhg7 32. Re1 Ne8 33. Re2 Qb7 34. Rd2
Rc6 35. Qd1 Rc7 36. Rd5 Rf7 37. Qc2 N8c7 38. Rd1 Qc6 39. Nfd2 c4 40. b4 a4 41.
f3 f5 42. exf5 Rxf5 43. Rf1 Nd5 44. Bg1 Bh6 45. Qe4 Ng5 46. Qe2 Qd7 47. Qg2
Nxh3 48. Qe2 Rh5 49. Kg2 Nhf4+ 50. gxf4 Nxf4+ 51. Kf2 Nxe2 52. Kxe2 Qd3+ 0-1

[Event "18sen.Bay.EM2006 Schney op"]
[Site "Schloss Schney (25.6.-3.7)"]
[Date "2006.06.30"]
[Round "6.36"]
[White "Klose, Hans-Peter"]
[Black "Erler, Klaus-Juergen"]
[Result "1-0"]
[WhiteElo "1472"]
[BlackElo "1627"]
[PlyCount "81"]
[EventDate "2006.07.??"]
[Source "Ganslmayer"]
[SourceDate "2012.12.20"]

1. d4 d5 2. Bf4 Nf6 3. e3 e6 4. Nf3 Nbd7 5. Be2 Be7 6. O-O Nh5 7. Bg3 Nxg3 8.
hxg3 c6 9. a3 Qc7 10. Nbd2 e5 11. dxe5 Nxe5 12. Nxe5 Qxe5 13. c3 h5 14. Nf3 Qc7
15. c4 Be6 16. Nd4 O-O-O 17. Nxe6 fxe6 18. Qc2 h4 19. Qg6 Bf6 20. cxd5 Rxd5 21.
Bc4 Rd6 22. Qg4 Qe7 23. Rad1 hxg3 24. Qxg3 Rhd8 25. Rxd6 Rxd6 26. b4 b5 27. Be2
Bb2 28. Rb1 Rd2 29. Qf3 Kc7 30. e4 e5 31. Qe3 Qd6 32. Qxa7+ Kd8 33. Qb6+ Ke7
34. Qe3 Bxa3 35. Qa7+ Kf6 36. Qxa3 Rd4 37. Qf3+ Ke7 38. Qg4 Kf6 39. Rd1 Qxb4
40. Qf5+ Ke7 41. Qxe5+ 1-0

[Event "18sen.Bay.EM2006 Schney op"]
[Site "Schloss Schney (25.6.-3.7)"]
[Date "2006.06.30"]
[Round "6.37"]
[White "Jakubowski, Karl++"]
[Black "Schuster, Herbert"]
[Result "0-1"]
[WhiteElo "1373"]
[BlackElo "1608"]
[PlyCount "112"]
[EventDate "2006.07.??"]
[Source "Ganslmayer"]
[SourceDate "2012.12.20"]

1. c4 Nf6 2. Nc3 e5 3. d3 c6 4. Bg5 Be7 5. Nf3 d6 6. g3 Ng4 7. Bxe7 Qxe7 8. Ne4
h6 9. Bg2 f5 10. Nc3 O-O 11. e3 Kh8 12. O-O Nd7 13. Nh4 Qf7 14. h3 g5 15. Nf3
Ngf6 16. Nh2 Nb6 17. b3 Be6 18. Qd2 Rad8 19. Ne2 d5 20. c5 Nbd7 21. b4 Nh5 22.
f3 Qg7 23. g4 Nhf6 24. Rf2 e4 25. Nd4 Rde8 26. Nxe6 Rxe6 27. Raf1 exd3 28. Qxd3
Ne5 29. Qxf5 Re7 30. Qc2 Nc4 31. e4 Ne3 32. Qd3 Nxf1 33. Nxf1 dxe4 34. fxe4 Nd7
35. Rxf8+ Qxf8 36. Ng3 Qf6 37. Nf5 Rf7 38. a3 Ne5 39. Qd6 Qxd6 40. Nxd6 Rd7 41.
Kf2 b6 42. Ke3 bxc5 43. bxc5 Kg7 44. Kd4 Nf7 45. e5 Nd8 46. Be4 Kf8 47. Kc4 Ke7
48. Nf5+ Ke6 49. Nxh6 Kxe5 50. Bf5 Rd4+ 51. Kc3 Rf4 52. Ng8 Rf3+ 53. Kb4 Rxh3
54. Ne7 a5+ 55. Kxa5 Rb3 56. Nc8 Nb7+ 0-1

[Event "18sen.Bay.EM2006 Schney op"]
[Site "Schloss Schney (25.6.-3.7)"]
[Date "2006.06.30"]
[Round "6.38"]
[White "Reichenbacher, Gerhard"]
[Black "Straesser, Gerda"]
[Result "1/2-1/2"]
[WhiteElo "1716"]
[BlackElo "1539"]
[PlyCount "44"]
[EventDate "2006.07.??"]
[Source "Ganslmayer"]
[SourceDate "2012.12.20"]

1. Nf3 d5 2. d4 e6 3. c4 c6 4. Qc2 Nf6 5. Bg5 Nbd7 6. e3 Be7 7. Nc3 a6 8. cxd5
cxd5 9. Bd3 O-O 10. O-O b5 11. a3 Bb7 12. Rac1 Rc8 13. Qe2 h6 14. Bh4 Re8 15.
Ne5 Nxe5 16. dxe5 Ne4 17. Bxe7 Nxc3 18. Rxc3 Rxe7 19. Rfc1 Rec7 20. Qd2 Rxc3
21. Rxc3 Rxc3 22. Qxc3 Qc8 1/2-1/2

[Event "18sen.Bay.EM2006 Schney op"]
[Site "Schloss Schney (25.6.-3.7)"]
[Date "2006.06.30"]
[Round "6.40"]
[White "Bauer, Hermann(31)"]
[Black "Rudolph, Rainer"]
[Result "1/2-1/2"]
[WhiteElo "1620"]
[BlackElo "1345"]
[PlyCount "55"]
[EventDate "2006.07.??"]
[Source "Ganslmayer"]
[SourceDate "2012.12.20"]

1. Nf3 d5 2. b3 Nf6 3. g3 e6 4. Bb2 Be7 5. Bg2 c5 6. d3 Nc6 7. O-O O-O 8. Nbd2
b6 9. c4 Bb7 10. cxd5 Nxd5 11. Nc4 Bf6 12. Bxf6 Nxf6 13. Qd2 Nd4 14. Nxd4 Bxg2
15. Nxe6 fxe6 16. Kxg2 Qd5+ 17. Kg1 Rf7 18. h3 Raf8 19. Qe3 Re7 20. Qe5 h6 21.
Qd6 Rd7 22. Qxd5 exd5 23. Ne3 d4 24. Nc4 Re7 25. Rfe1 Nd5 26. Kf1 Re6 27. e3
dxe3 28. Re2 1/2-1/2

[Event "18sen.Bay.EM2006 Schney op"]
[Site "Schloss Schney (25.6.-3.7)"]
[Date "2006.06.30"]
[Round "6.42"]
[White "Van Houten, Henk"]
[Black "Froeling, Philippa"]
[Result "1-0"]
[WhiteElo "1597"]
[BlackElo "1227"]
[PlyCount "73"]
[EventDate "2006.07.??"]
[Source "Ganslmayer"]
[SourceDate "2012.12.20"]

1. e4 e5 2. Nc3 c6 3. d4 exd4 4. Qxd4 Qa5 5. Bd2 Qc5 6. Nf3 Qxd4 7. Nxd4 g6 8.
g3 Bg7 9. Nde2 b5 10. Bg2 a6 11. Bf4 Ne7 12. Bd6 Bb7 13. f4 Nc8 14. O-O-O Nxd6
15. Rxd6 O-O 16. Rhd1 Re8 17. e5 Re6 18. Ne4 Bc8 19. R6d2 a5 20. Nd4 Re7 21.
Nb3 a4 22. Nbc5 Ra7 23. Rd6 Kf8 24. Nf6 Bxf6 25. Rxf6 Kg7 26. Rfd6 Na6 27. Nxa6
Rxa6 28. R1d4 Re6 29. Bh3 Rxd6 30. exd6 f5 31. c4 bxc4 32. Rxc4 Ra5 33. Bg2 Ba6
34. Rc3 Bb5 35. Rc5 Ra7 36. Kd2 Kf6 37. h3 1-0